Induced abortion as a public health problem; report of a working group convened by the Regional Office for Europe of the World Health Organization, Helsinki, 19-23 April, 197l.
Saved in:
| Corporate Authors: | , |
|---|---|
| Format: | Book |
| Language: | English |
| Published: |
Copenhagen,
Regional Office for Europe, World Health Organization,
1972.
|
| Subjects: | |
| Tags: |
Add Tag
No Tags, Be the first to tag this record!
|
| LEADER | 01287nam a2200289K 4500 | ||
|---|---|---|---|
| 001 | 005238564-7 | ||
| 005 | 20160409130725.0 | ||
| 008 | 840814s1972 dk 100 0 eng d | ||
| 016 | 7 | |a 0351437 |2 DNLM | |
| 035 | 0 | |a ocm11054128 | |
| 035 | 0 | |a ocm11054128 |z ocm14432030 | |
| 040 | |a GZH |c GZH |d NLM |d HMS | ||
| 050 | 4 | |a RG734 |b .W67 1971c | |
| 060 | 0 | |a HQ 767 |b W926i 1971 | |
| 111 | 2 | |a Working Group on Induced Abortion as a Public Health Problem, |d (1971 : |c Helsinki) | |
| 245 | 1 | 0 | |a Induced abortion as a public health problem; |b report of a working group convened by the Regional Office for Europe of the World Health Organization, Helsinki, 19-23 April, 197l. |
| 260 | |a Copenhagen, |b Regional Office for Europe, World Health Organization, |c 1972. | ||
| 300 | |a iv, 56 p. |c 26 cm. | ||
| 500 | |a EURO 9601. | ||
| 500 | |a Issued also in French and Russian. | ||
| 655 | 2 | |a Congresses. | |
| 650 | 2 | |a Abortion, Induced. | |
| 650 | 0 | |a Abortion. | |
| 710 | 2 | |a World Health Organization. |b Regional Office for Europe. | |
| 776 | 0 | 8 | |i Online version: |a Working Group on Induced Abortion as a Public Health Problem (1971 : Helsinki). |t Induced abortion as a public health problem. |d Copenhagen, Regional Office for Europe, World Health Organization, 1972 |w (OCoLC)654600924 |
| 988 | |a 20020608 | ||
| 906 | |0 OCLC | ||


